000 00641nam a2200253Ia 4500
003 OSt
005 20221007111532.0
006 a|||||r|||| 00| 0
007 ta
008 221006b |||||||| |||| 00| 0 eng d
024 _a23,768
037 _cTextual
040 _aLCO
_cLCO
_beng
041 _2eng
_aeng
082 _aX65, M8
100 _aSharma S.P
245 0 _aTax Incentives and Investment Decisions
250 _a1st
260 _aDelhi
_bPratibha Publications India
_c1988
300 _a271
650 _aTAX INCENTIVES
_9708379
942 _hX65, M8
_cTEXL
999 _c1193331
_d1193331